000 00618nam a2200229Ia 4500
003 OSt
005 20220928115351.0
006 a|||||r|||| 00| 0
007 ta
008 220927b |||||||| |||| 00| 0 eng d
024 _a36224
037 _cTextual
040 _aSDCL
_cSDCL
_beng
041 _2eng
_aeng
082 _aV2:28'N8, M4
100 _aChaturvedi T N Ed.
245 0 _aAdministrative reforms
260 _aNew Delhi
_bIndian Institute of Public Administration
_c1984
300 _axi,157p
_ccm.
942 _hV2:28'N8, M4
_cTEXL
_2CC
999 _c759147
_d759147